000 00657nam a22002057a 4500
003 0
005 20250915162736.0
008 250915b xxu||||| |||| 00| 0 eng d
020 _a978-1-98469-499-7
050 _aHD 30.2
_b.W38 2025
100 _aWatson, Grace,
_eauthor.
245 _aAgile management and development /
_cGrace Watson.
260 _aNew York, NY :
_b3G E-Learning LLC,
_c2025.
300 _axx, 274 pages :
_bcolored illustrations ;
_c26 cm.
504 _aIncludes bibliographical references and index.
650 _aAgile software development.
650 _aProject management.
650 _aOrganizational change.
942 _2lcc
_cBK
999 _c367969
_d367969